| 000 | 00740nam a2200253Ia 4500 | ||
|---|---|---|---|
| 003 | GCL | ||
| 008 | 140319s9999 xx 000 0 ara d | ||
| 040 |
_aGCL / _cGCL |
||
| 082 | 0 | 4 |
_a920 _bع م |
| 100 | 1 | _aعبدالله بن الحسين | |
| 245 | 1 | 0 |
_aمذكراتى / _cعبدالله بن الحسين |
| 260 |
_a[S.N] : _bالاهلية للنشر والتوزيع ، _c1989 |
||
| 300 | _a277 ص | ||
| 490 | _a | ||
| 650 | 0 | 4 | _aالمذكرات |
| 650 | 0 | 4 | _aالشرق الاوسط |
| 650 | 0 | 4 | _aالتراجم الذاتية |
| 650 | 0 | 4 | _aالاردن |
| 650 | 0 | 4 | _aالملوك والحكام |
| 650 | 0 | 4 | _aالحجاز |
| 650 | 0 | 4 | _aعبدالله بن الحسين |
| 650 | 0 | 4 | _aالتتويج |
| 942 |
_2ddc _cBK |
||
| 999 |
_c28467 _d28467 |
||